Presidenti della Repubblica Italiana (con foto) - Statistics

Statistiche generali
  • Questo quiz è stato fatto 354 volte
  • Il punteggio medio è 9 su 12
Statistiche sulle risposte
con Immagini Risposta % Corretto
Sergio Mattarella
99%
Giorgio Napolitano
95%
Sandro Pertini
89%
Carlo Azeglio Ciampi
79%
Francesco Cossiga
78%
Giovanni Leone
76%
Enrico De Nicola
72%
Luigi Einaudi
67%
Oscar Luigi Scalfaro
67%
Giuseppe Saragat
63%
Antonio Segni
57%
Giovanni Gronchi
55%
Nessun quiz corrispondente trovato
Distribuzione punteggi
Percentuale di utenti per punteggio
Percentile per numero di risposta
I tuoi punteggi nel tempo
Non hai fatto questo quiz